Kalendarium dioecesanum cleri Nittriensis ad annum Jesu Christi ... communem dierum ...
| Format: | Serial |
|---|---|
| Language: | Latin |
| PhysicalDescription: | zv. 13 cm |
| Published: |
Tyrnaviae
Litteris Regiae Universitatis
1790-1818
[1797]-[18--?] Tyrnaviae Litteris Venceslai Jelinek, Privil. Typ. [18--?]-1818 Tyrnaviae Typis Venceslai Jelinek |
| Subjects: |
MARC
| LEADER | 00000cas a2200000 a 4500 | ||
|---|---|---|---|
| 001 | vtls009087478 | ||
| 003 | SK-MaSNL | ||
| 005 | 20260228160250.0 | ||
| 008 | 200401d17901818xo ar| 5 0 0lat | ||
| 040 | |a SNK |b slo |c SNK |e AACR2 | ||
| 041 | |a lat | ||
| 043 | |a e-xo--- | ||
| 044 | |a xo |c SK | ||
| 072 | 7 | |a 2 |x Náboženstvo |2 konspekt | |
| 072 | 7 | |a 27 |x Kresťanstvo. Kresťanská cirkev všeobecne. Ekleziológia |2 konspekt | |
| 072 | 7 | |a 050 |x Seriálové publikácie. Periodiká |2 konspekt | |
| 080 | |a 2-725/-726 |2 2001 | ||
| 080 | |a 27-772 |2 2011 | ||
| 080 | |a (059) |2 2011 | ||
| 080 | |a 050 |2 2011 | ||
| 080 | |a (437.6) |2 2011 | ||
| 245 | 0 | 0 | |a Kalendarium dioecesanum cleri Nittriensis ad annum Jesu Christi ... communem dierum ... |
| 246 | 1 | 3 | |a Kalendarium dioecesanum cleri Nittriensis ad annum Jesu Christi ... primum post bissextilem |f 1793 |
| 246 | 1 | 3 | |a Kalendarium dioecesanum cleri Nittriensis ad annum Jesu Christi ... primum post bissextilem dierum ... |f 1797 |
| 246 | 1 | 3 | |a Calendarium dioecesanum cleri Nittriensis ad annum Jesu Christi ... secundum post bissextilem dierum ... |f 1798 |
| 246 | 1 | 3 | |a Calendarium dioecesanum cleri Nittriensis ad annum Jesu Christi ... quartum post bissextilem dierum ... |f 1800 |
| 246 | 1 | 3 | |a Calendarium dioecesanum cleri Nittriensis ad annum Jesu Christi ... bissextilem dierum ... |f 1804 |f 1816 |
| 246 | 1 | 3 | |a Calendarium dioecesanum cleri Nittriensis ad annum Jesu Christi ... primum post bissextilem dierum ... |f 1805 |
| 246 | 1 | 3 | |a Calendarium dioecesanum cleri Nittriensis ad annum Jesu Christi ... tertium post bissextilem dierum ... |f 1807 |f 1811 |
| 246 | 1 | 4 | |a Názov na obale: Calendarium dioecesanum cleri Nittriensis ad annum ... secundum post bissextilem dierum ... |f 1818 |
| 260 | |a Tyrnaviae |b Litteris Regiae Universitatis |c 1790-1818 | ||
| 260 | 2 | |a [1797]-[18--?] |a Tyrnaviae |b Litteris Venceslai Jelinek, Privil. Typ. | |
| 260 | 3 | |a [18--?]-1818 |a Tyrnaviae |b Typis Venceslai Jelinek | |
| 300 | |a zv. |c 13 cm | ||
| 310 | |a 1x ročne | ||
| 362 | 0 | |a 1790-1818 | |
| 500 | |a Súčasťou názvu je označenie kalendárneho roku a počtu dní | ||
| 561 | |a Proveniencia: pečiatka Dr. E. Kadarász - ver. not. poz. Margity Zayovej Čís. 10413. |5 SNK ČSE 157/1792 | ||
| 561 | |a Proveniencia: pečiatka Dr. E. Kadarász - ver. not. poz. Margity Zayovej Čís. 10414. |5 SNK ČSE 157/1793 D1 | ||
| 561 | |a Proveniencia: pečiatka Dr. E. Kadarász - ver. not. poz. Margity Zayovej Čís. 10415. |5 SNK ČSE 157/1794 | ||
| 561 | |a Proveniencia: pečiatka Dr. E. Kadarász - ver. not. poz. Margity Zayovej Čís. 10416. |5 SNK ČSE 157/1795 | ||
| 561 | |a Proveniencia: pečiatka Dr. E. Kadarász - ver. not. poz. Margity Zayovej Čís. 10417. |5 SNK ČSE 157/1798 D1 | ||
| 561 | |a Proveniencia: pečiatka Dr. E. Kadarász - ver. not. poz. Margity Zayovej Čís. 10418. |5 SNK ČSE 157/1798 D2 | ||
| 561 | |a Proveniencia: pečiatka Dr. E. Kadarász - ver. not. poz. Margity Zayovej Čís. 10419. |5 SNK ČSE 157/1801 | ||
| 561 | |a Proveniencia: pečiatka Dr. E. Kadarász - ver. not. poz. Margity Zayovej Čís. 10420. |5 SNK ČSE 157/1804 D1 | ||
| 561 | |a Proveniencia: pečiatka Dr. E. Kadarász - ver. not. poz. Margity Zayovej Čís. 10421. |5 SNK ČSE 157/1805 D1 | ||
| 650 | 0 | 7 | |a duchovní |2 SNKPH |9 30498 |
| 650 | 0 | 7 | |a diecézy |2 SNKPH |9 88437 |
| 650 | 0 | 7 | |a Ministers |2 SNKPHeng |9 266269 |
| 650 | 0 | 7 | |a Dioceses |2 SNKPHeng |9 266270 |
| 651 | 7 | |a Nitra (Slovensko) |2 SNKPHgeo |9 15714 | |
| 651 | 7 | |a Nitra (Slovakia) |2 SNKPHeng |9 265425 | |
| 655 | 7 | |a textové kalendáre |2 SNKPH |9 60816 | |
| 655 | 7 | |a Text calendars |2 SNKPHeng |9 265087 | |
| 852 | |a snk |b Zaiova knižnica: Zay 10008 |p ČSE 157/1792 | ||
| 852 | |a snk |b Zaiova knižnica: Zay 10009 |p ČSE 157/1793 D1 | ||
| 852 | |a snk |b Zaiova knižnica: Zay 10010-10011 |p ČSE 157/1794-1795 | ||
| 852 | |a snk |b Zaiova knižnica: Zay 10012 |p ČSE 157/1798 D1 | ||
| 852 | |a snk |b Zaiova knižnica: Zay 10013 |p ČSE 157/1798 D2 | ||
| 852 | |a snk |b Zaiova knižnica: Zay 10014 |p ČSE 157/1801 | ||
| 852 | |a snk |b Zaiova knižnica: Zay 10015-10016 |p ČSE 157/1804 D1-1805 D1 | ||
| 910 | |a snk | ||
| 916 | |a 1790,1791,1793,1797,1798,1800,1804,1805,1807,1811,1816,1818 | ||
| 958 | |a DD | ||
| 999 | |c 2005 |d 3935 | ||
| 952 | |0 0 |1 0 |4 0 |7 0 |8 5 |a SNK |b SNK |d 2009-09-08 |i snkF 4489/80 |l 0 |o snkČSE 157/1797 D1 |p 17A0626735 |r 2026-02-21 19:31:13 |w 2026-02-21 |y PREZ |z Rok: 1797 | ||
| 952 | |0 0 |1 0 |4 0 |7 0 |8 5 |a SNK |b SNK |d 2009-09-08 |i snkF 510/83 |l 0 |o snkČSE 157/1818 D2 |p 17A0626734 |r 2026-02-21 19:31:13 |w 2026-02-21 |y PREZ |z Rok: 1818 | ||
| 952 | |0 0 |1 0 |4 0 |7 0 |8 5 |a SNK |b SNK |d 2007-08-16 |f 1 |i snkF 4500/80 |l 0 |o snkČSE 157/1805 |p 17A0546093 |r 2026-02-21 20:07:27 |w 2026-02-21 |y PREZ | ||
| 952 | |0 0 |1 0 |3 rekatalogizácia |4 0 |7 0 |8 5 |a SNK |b SNK |d 2007-08-16 |f 1 |i snkF 4075/80 |l 0 |o snkČSE 157/1790 |p 17A0557195 |r 2026-02-21 21:00:50 |w 2026-02-21 |y PREZ | ||
| 952 | |0 0 |1 0 |4 0 |7 0 |8 5 |a SNK |b SNK |d 2007-08-16 |f 1 |i snkF 4102/77 |l 0 |o snkČSE 157/1797 |p 17A0557198 |r 2026-02-21 21:00:50 |w 2026-02-21 |y PREZ | ||
| 952 | |0 0 |1 0 |4 0 |7 0 |8 5 |a SNK |b SNK |d 2007-08-16 |f 1 |i snkF 1684/89 |l 0 |o snkČSE 157/1798 |p 17A0557197 |r 2026-02-21 21:00:50 |w 2026-02-21 |y PREZ | ||
| 952 | |0 0 |1 0 |4 0 |7 0 |8 5 |a SNK |b SNK |d 2007-08-16 |f 1 |i snkF 4499/80 |l 0 |o snkČSE 157/1800 |p 17A0557194 |r 2026-02-21 21:00:50 |w 2026-02-21 |y PREZ | ||
| 952 | |0 0 |1 0 |4 0 |7 0 |8 5 |a SNK |b SNK |d 2007-08-16 |f 1 |i snkF 4103/77 |l 0 |o snkČSE 157/1804 |p 17A0557193 |r 2026-02-21 21:00:50 |w 2026-02-21 |y PREZ | ||
| 952 | |0 0 |1 0 |4 0 |7 0 |8 5 |a SNK |b SNK |d 2007-08-16 |f 1 |i snkF 4101/77 |l 0 |o snkČSE 157/1793 |p 17A0546094 |r 2026-02-21 21:00:50 |w 2026-02-21 |y PREZ | ||
| 952 | |0 0 |1 0 |4 0 |7 0 |8 5 |a SNK |b SNK |d 2007-08-16 |f 1 |i snkF 4501/80 |l 0 |o snkČSE 157/1807 |p 17A0546092 |r 2026-02-21 21:00:50 |w 2026-02-21 |y PREZ | ||
| 952 | |0 0 |1 0 |4 0 |7 0 |8 5 |a SNK |b SNK |d 2007-08-16 |f 1 |i snkF 4502/80 |l 0 |o snkČSE 157/1811 |p 17A0546091 |r 2026-02-21 21:00:50 |w 2026-02-21 |y PREZ | ||
| 952 | |0 0 |1 0 |4 0 |7 0 |8 5 |a SNK |b SNK |d 2007-08-16 |f 1 |i snkF 838/74 |l 0 |o snkČSE 157/1816 |p 17A0546090 |r 2026-02-21 21:00:51 |w 2026-02-21 |y PREZ | ||
| 952 | |0 0 |1 0 |4 0 |7 0 |8 5 |a SNK |b SNK |d 2007-08-16 |f 1 |i snkF 4503/80 |l 0 |o snkČSE 157/1818 |p 17A0546089 |r 2026-02-21 21:00:51 |w 2026-02-21 |y PREZ | ||
| 952 | |0 0 |1 0 |4 0 |7 0 |8 3 |a SNK |b SNK |d 2020-02-12 |f 1 |i snkK 748/85 |l 0 |o snkČSE 157/1791 |p 17A0728692 |r 2026-02-21 22:29:30 |w 2026-02-21 |y PREZ | ||
| 952 | |0 0 |1 0 |4 0 |7 0 |8 3 |a SNK |b SNK |d 2020-02-12 |i snkD 356/80 |l 0 |o snkČSE 157/1818 D1 |p 17A0728550 |r 2026-02-21 22:29:30 |w 2026-02-21 |y PREZ |z Rok: 1818 | ||
| 952 | |0 0 |1 0 |4 0 |7 0 |8 5 |a SNK |b SNK |c SNK_HF |d 2025-03-18 |i snk2025/4812 |l 0 |o snkČSE 157/1794 |p 17A1489529 |r 2026-02-21 22:33:40 |t Zay 10010 |w 2026-02-21 |y PREZ | ||
| 952 | |0 0 |1 0 |4 0 |7 0 |8 5 |a SNK |b SNK |c SNK_HF |d 2025-03-18 |i snk2025/4814 |l 0 |o snkČSE 157/1795 |p 17A1489530 |r 2026-02-21 22:33:40 |t Zay 10011 |w 2026-02-21 |y PREZ | ||
| 952 | |0 0 |1 0 |4 0 |7 0 |8 5 |a SNK |b SNK |c SNK_HF |d 2025-03-18 |i snk2025/4816 |l 0 |o snkČSE 157/1798 D1 |p 17A1489531 |r 2026-02-21 22:33:40 |t Zay 10013 |w 2026-02-21 |y PREZ | ||
| 952 | |0 0 |1 0 |4 0 |7 0 |8 5 |a SNK |b SNK |c SNK_HF |d 2025-03-18 |i snk2025/4818 |l 0 |o snkČSE 157/1798 D2 |p 17A1489532 |r 2026-02-21 22:33:40 |t Zay 10012 |w 2026-02-21 |y PREZ | ||
| 952 | |0 0 |1 0 |4 0 |7 0 |8 5 |a SNK |b SNK |c SNK_HF |d 2025-03-18 |i snk2025/4829 |l 0 |o snkČSE 157/1801 |p 17A1489533 |r 2026-02-21 22:33:40 |t Zay 10014 |w 2026-02-21 |y PREZ | ||
| 952 | |0 0 |1 0 |4 0 |7 0 |8 5 |a SNK |b SNK |c SNK_HF |d 2025-03-18 |i snk2025/4833 |l 0 |o snkČSE 157/1804 D1 |p 17A1489534 |r 2026-02-21 22:33:40 |t Zay 10015 |w 2026-02-21 |y PREZ | ||
| 952 | |0 0 |1 0 |4 0 |7 0 |8 5 |a SNK |b SNK |c SNK_HF |d 2025-03-18 |i snk2025/4834 |l 0 |o snkČSE 157/1805 D1 |p 17A1489535 |r 2026-02-21 22:33:40 |t Zay 10016 |w 2026-02-21 |y PREZ | ||
| 952 | |0 0 |1 0 |4 0 |7 0 |8 5 |a SNK |b SNK |c SNK_HF |d 2025-03-18 |i snk2025/4809 |l 0 |o snkČSE 157/1792 |p 17A1489527 |r 2026-02-21 22:33:46 |t Zay 10008 |w 2026-02-21 |y PREZ | ||
| 952 | |0 0 |1 0 |4 0 |7 0 |8 5 |a SNK |b SNK |c SNK_HF |d 2025-03-18 |i snk2025/4810 |l 0 |o snkČSE 157/1793 D1 |p 17A1489528 |r 2026-02-21 22:33:46 |t Zay 10009 |w 2026-02-21 |y PREZ | ||


